000 00595nam a2200217Ia 4500
008 101110s9999 xx 000 0 und d
041 _aENGLISH
082 _bSR33316
100 _aBhole K.G.; Shroff Adarsh, Ranade Abhay J.
245 _aA new course in physics Volume - I, FYBSc
260 _c2009
_bSheth Publishers, Mumbai
300 _a269
365 _b125
520 _aPhysics
546 _aENGLISH
630 _aA new course in physics Volume - I, FYBSc
650 _aPhysics
655 _aPhysics
730 _aA new course in physics Volume - I, FYBSc
942 _cBOOK
999 _c825817
_d825814